Statistics for Tokyo Metro - All Stations

Click here to take the quiz!

General Stats

  • This quiz has been taken 683 times
    (645 since last reset)
  • The average score is 94 of 215

Answer Stats

Answer% Correct
Shinjuku
93%
Shibuya
90%
Tokyo
90%
Ginza
88%
Asakusa
86%
Ikebukuro
80%
Ueno
80%
Hibiya
76%
Mita
72%
Meguro
71%
Yurakucho
71%
Akihabara
70%
Otemachi
70%
Yoyogi
70%
Shinjukusanchome
69%
Nakano
68%
Akasaka
67%
Hanzomon
67%
Roppongi
67%
Shinbashi
65%
Kanda
64%
Omotesando
64%
Yotsuya
63%
Nishishinjuku
61%
Ochanomizu
61%
Ebisu
60%
Akasakamitsuke
59%
Oshiage
59%
Iidabashi
58%
Nihonbashi
58%
Takadanobaba
58%
Nakameguro
57%
Meijijingumae
56%
Tsukiji
56%
Higashiginza
55%
Kitasenju
55%
Nishinippori
55%
Higashi Shinjuku
54%
Jinbocho
54%
Aoyamaitchome
53%
Gotanda
53%
Kokkaigijidomae
53%
Ogikubo
53%
Yoyogiuehara
53%
Kasumigaseki
52%
Nakanosakaue
52%
Shin Kiba
52%
Kudanshita
51%
Yotsuyasanchome
51%
Azabujuban
50%
Korakuen
50%
Minamisenju
50%
Sugamo
50%
Toranomon
50%
Yoyogikoen
50%
Ichigaya
49%
Nerima
49%
Shinjukugyoenmae
49%
Wakoshi
49%
Waseda
49%
Asakusabashi
48%
Ayase
48%
Mitsukoshimae
48%
Nagatacho
48%
Nishi Funabashi
48%
Oji
48%
Komagome
47%
Myogadani
47%
Daimon
46%
Kagurazaka
46%
Kasai
46%
Kiba
46%
Kitaayase
46%
Ningyocho
46%
Nishi Kasai
46%
Tocho Mae
46%
Toyosu
46%
Ginzaitchome
45%
Hiroo
45%
Shin Otsuka
45%
TameikeSanno
45%
Chikatetsu Narimasu
44%
Gaienmae
44%
Nezu
44%
Shirokanedai
44%
Takashimadaira
44%
Honancho
43%
Hongosanchome
43%
Nishi Waseda
43%
Senkawa
43%
Shinochanomizu
43%
Suidobashi
43%
Ochiai
42%
Ryogoku
42%
Sengakuji
42%
Shirokanetakanawa
42%
Hikarigaoka
41%
Kasuga
41%
Kayabacho
41%
Kita Sando
41%
Nishitakashimadaira
41%
Sakuradamon
41%
Shinnakano
41%
Awajicho
40%
Higashi Ikebukuro
40%
Magome
40%
Motoyawata
40%
Nishimagome
40%
Nogizaka
40%
Shinkoenji
40%
Todaimae
40%
Tsukishima
40%
Kamiyacho
39%
Kotakemukaihara
39%
Nakaokachimachi
39%
Shintakashimadaira
39%
Suitengumae
39%
Uenohirokoji
39%
Uenookachimachi
39%
Urayasu
39%
Akabanebashi
38%
Akabaneiwabuchi
38%
Chikatetsu Akatsuka
38%
Kinshicho
38%
Kyobashi
38%
Nakanofujimicho
38%
Nakanoshinbashi
38%
Roppongiitchome
38%
Shinjuku Nishiguchi
38%
Shiodome
38%
Heiwadai
37%
Hikawadai
37%
Iriya
37%
Kiyosumishirakawa
37%
Shinokachimachi
37%
Takebashi
37%
Higashi Nakano
36%
Minamiasagaya
36%
Monzennakacho
36%
Morishita
36%
Sengoku
36%
Shimo
36%
Tawaramachi
36%
Yushima
36%
Akebonobashi
35%
Higashinihonbashi
35%
Inaricho
35%
Itabashikuyakushomae
35%
Iwamotocho
35%
Kuramae
35%
Nijubashimae
35%
Nishisugamo
35%
Ojima
35%
Sendagi
35%
Suehirocho
35%
Sumiyoshi
35%
Toyocho
35%
Tsukijishijo
35%
Hakusan
34%
Higashikoenji
34%
Kanamecho
34%
Kokuritsu Kyogijo
34%
Machiya
34%
Minowa
34%
Nishi Shinjuku Gochome
34%
Shinitabashi
34%
Tatsumi
34%
Zoshigaya
34%
Baraki Nakayama
33%
Hatchobori
33%
Honjoazumabashi
33%
Kachidoki
33%
Minami Sunamachi
33%
Myoden
33%
Ojikamiya
33%
Shibakoen
33%
Bakuroyokoyama
32%
Edogawabashi
32%
Gyotoku
32%
Honkomagome
32%
Ochiai Minami Nagasaki
32%
Onarimon
32%
Gokokuji
31%
Higashiojima
31%
Minami Gyotoku
31%
Nishiojima
31%
Itabashihoncho
30%
Kikukawa
30%
Kojimachi
30%
Nakai
30%
Ogawamachi
30%
Takanawadai
30%
Toshimaen
30%
Hamacho
29%
Hasune
29%
Kodenmacho
29%
Nakanobu
29%
Nishigahara
29%
Shimurasakaue
29%
Shimurasanchome
29%
Takaracho
29%
Uchisaiwaicho
29%
Ushigome Kagurazaka
29%
Ichinoe
28%
Mizue
28%
Nishidai
28%
Shintomicho
28%
Togoshi
28%
Funabori
27%
Nerimakasugacho
26%
Shin Egota
26%
Ushigome Yanagicho
26%
Motohasunuma
25%
Shinozaki
25%
Wakamatsu Kawada
25%

Score Distribution

Percentile by Number Answered

Percent of People with Each Score

Your Score History

You have not taken this quiz since the last reset